000 00859cam a2200337 i 4500
001 0000835
003 DO-SdBNP
005 20180212152236.0
007 0000835
008 100514s 1992 sp a | |||| 000 f spa
015 _a
017 _a
_b
020 _a8434810107
035 _a
040 _aBPMSU
_bspa
_cBPMSU
_e
080 _a
100 1 _aBarbadillo, Patricia
245 1 0 _aRabicún /
_h
_cPatricia Barbadillo ; ilustraciones Antonio Tello
250 _a13a. ed.
260 _aMadrid :
_bSm,
_c1992.
300 _a111 p.:
_bil.
_c19 cm.
490 1 _aEl barco de vapor
_v33/A 12
490 1 _aAzul
521 _aA partir de 7 años.
700 1 _aTello, Antonio
_eil.
830 0 _aEl barco de vapor
_n33/A 12
830 0 _aAzul
942 _2ddc
_cBK
945 _aInventariado, 2018 / BT
956 _aYLOCKWARD
_810
_cBPMSU
999 _c12165
_d12165